000 00553cam a2200229 4500
001 J1264
008 090401t1993 xxu||||| |||| 00| 0 eng d
035 _a(Sirsi) u42544
041 _aeng
050 _a333.336
110 _aChesterton
_92357
245 _aBig sheds. - Winter 1992.
260 _aLondon
_bChesterton
_c1993
300 _a24p. : ill. ; 30cm.
350 _a0
650 _aBIG SHEDS
650 _aDISTRIBUTION BUILDINGS
650 _aWAREHOUSES
690 _aPROPERTY-COMMERCIAL PROPERTY
942 _n0
948 _c04/03/1997
999 _c91150
_d91150